| 000 | 00893nam a22002177a 4500 | ||
|---|---|---|---|
| 005 | 20240530110529.0 | ||
| 008 | 160313s2012 ua a g b 000 0 ara d | ||
| 017 |
_a22143 _bمصر . دار الكتب المصرية |
||
| 020 | _a977052761 | ||
| 040 | _aEG-CaGPL | ||
| 082 | 0 | 4 |
_221 _a372.43\ _bم ص |
| 100 | 0 | _aمروى سالم سالم | |
| 245 | 1 | 0 |
_aصعوبة الفهم القرائى بين الخصائص المعرفية و الامعرفية : _bدراسة مقارنة / _cتاليف مروى سالم سالم |
| 260 |
_aالقاهرة : _bمكتبة الانجلو المصرية ، _c2012 . |
||
| 300 |
_a296 ص : _bايض ؛ _c24 سم . |
||
| 504 | _aيشتمل على ارجاعات ببليوجرافية | ||
| 650 | 0 | 4 | _aعلم النفس التربوى |
| 650 | 0 | 4 | _aالقراءة العلاجية |
| 942 |
_2ddc _cBK |
||
| 999 |
_c62046 _d62046 |
||